00932nab a22002057a 4500003000400000005001700004008004100021040000700062100002600069245011100095260007300206300001300279500003700292505010100329505008100430650001800511650001900529650002900548773014900577OSt20260218115309.0190429b xxu||||| |||| 00| 0 spa d cPJ aBertazza, Humberto J.13aLa comisión de nuevas infracciones o delitos y sus efectos en la prescripción /cHumberto J. Bertazza. cCiudad Autónoma de Buenos Aires :aThomson Reuters La Ley, b2024. ap. 13-15 aCita: TR LALEY AR/DOC/3087/2023. aSumario: I. El tema.— II. Régimen Penal Tributario.— III. Ley de Procedimiento Tributario. tSi te interesa el texto completo, solicitalo a koha@justierradelfuego.gov.ar 0aDERECHO PENAL 0aPRESCRIPCIÓN 0aPROCEDIMIENTO TRIBUTARIO0 02658tRevista de derecho penal y criminología. Nº 7 - Julio 2024dCiudad Autónoma de Buenos Aires : Thomson Reuters La Ley, 2017-x00347914